00377nam a2200121Ia 4500008004100000082001500041100002600056245004300082260002400125300001000149630002800159650006800187211109s9999||||xx |||||||||||||| ||und|| a820bOTI-O aOtis, William Bradley 0aOut-Line History of English Literature bBarnesaDelhic2008 a288p. xPost Graduate Reference aliteraturevenglish and old english literaturesxenglishEnglish